000 00409nam a2200121Ia 4500
008 181023s9999 xx 000 0 und d
020 _a9781138678415
100 _aLundberg, Erick.
245 _cEdited by Erick Lundberg, John Armbrecht, Tommy D. Andersson, Donald Getz.--
_aThe Value of events /
260 _aNew York :
_bRoutlege
_c2017
300 _axv, 202 pages.
650 _aSpecial events -- management.
999 _c359365
_d359365